<?xml version="1.0" encoding="UTF-8"?>
<record
    xmlns:xsi="http://www.w3.org/2001/XMLSchema-instance"
    xsi:schemaLocation="http://www.loc.gov/MARC21/slim http://www.loc.gov/standards/marcxml/schema/MARC21slim.xsd"
    xmlns="http://www.loc.gov/MARC21/slim">

  <leader>00565nam a22001937a 4500</leader>
  <controlfield tag="005">20150124130150.0</controlfield>
  <controlfield tag="008">140221t        mxu||||| |||| 00| 0 spa d</controlfield>
  <datafield tag="020" ind1=" " ind2=" ">
    <subfield code="a">9688408190</subfield>
  </datafield>
  <datafield tag="050" ind1=" " ind2="4">
    <subfield code="a">B3998 </subfield>
    <subfield code="b">F58 1990</subfield>
  </datafield>
  <datafield tag="100" ind1="1" ind2=" ">
    <subfield code="a">Fischer, Kuno </subfield>
  </datafield>
  <datafield tag="245" ind1="1" ind2="0">
    <subfield code="a">Vida de Spinoza </subfield>
  </datafield>
  <datafield tag="250" ind1=" " ind2=" ">
    <subfield code="a">1a ed.</subfield>
  </datafield>
  <datafield tag="260" ind1=" " ind2=" ">
    <subfield code="a">M&#xE9;xico : </subfield>
    <subfield code="b">UAM, </subfield>
    <subfield code="c">1990 </subfield>
  </datafield>
  <datafield tag="300" ind1=" " ind2=" ">
    <subfield code="a">86 p. ;</subfield>
    <subfield code="c">20 cm.</subfield>
  </datafield>
  <datafield tag="500" ind1=" " ind2=" ">
    <subfield code="a">Traducci&#xF3;n de: Spinoza: leben und Charakter</subfield>
  </datafield>
  <datafield tag="504" ind1=" " ind2=" ">
    <subfield code="a">Inlcuye bibliograf&#xED;a e &#xED;ndice</subfield>
  </datafield>
  <datafield tag="650" ind1=" " ind2="4">
    <subfield code="a">Filosof&#xED;a</subfield>
    <subfield code="x">Benedicto de Spinoza 1632 - 1677 -- Biografia</subfield>
  </datafield>
  <datafield tag="942" ind1=" " ind2=" ">
    <subfield code="2">ddc</subfield>
    <subfield code="c">LIB</subfield>
  </datafield>
  <datafield tag="999" ind1=" " ind2=" ">
    <subfield code="c">49277</subfield>
    <subfield code="d">49277</subfield>
  </datafield>
  <datafield tag="952" ind1=" " ind2=" ">
    <subfield code="1">0</subfield>
    <subfield code="2">lcc</subfield>
    <subfield code="4">0</subfield>
    <subfield code="7">0</subfield>
    <subfield code="a">LIC-020</subfield>
    <subfield code="b">LIC-020</subfield>
    <subfield code="c">GENERAL</subfield>
    <subfield code="d">2014-02-21</subfield>
    <subfield code="e">R.P.E</subfield>
    <subfield code="k">Educaci&#xF3;n y humanidades</subfield>
    <subfield code="l">1</subfield>
    <subfield code="o">B3998 F58 1990</subfield>
    <subfield code="p">BFF000004110</subfield>
    <subfield code="r">2023-05-12 00:00:00</subfield>
    <subfield code="s">2023-05-11</subfield>
    <subfield code="t">C:1</subfield>
    <subfield code="y">LIB</subfield>
  </datafield>
  <datafield tag="952" ind1=" " ind2=" ">
    <subfield code="1">0</subfield>
    <subfield code="2">lcc</subfield>
    <subfield code="4">0</subfield>
    <subfield code="7">0</subfield>
    <subfield code="a">LIC-020</subfield>
    <subfield code="b">LIC-020</subfield>
    <subfield code="c">GENERAL</subfield>
    <subfield code="d">2014-03-05</subfield>
    <subfield code="k">Educaci&#xF3;n y humanidades</subfield>
    <subfield code="o">B3998 F58 1990</subfield>
    <subfield code="p">BFF000004347</subfield>
    <subfield code="r">2015-01-16 00:00:00</subfield>
    <subfield code="t">2</subfield>
    <subfield code="y">LIB</subfield>
  </datafield>
  <datafield tag="952" ind1=" " ind2=" ">
    <subfield code="1">0</subfield>
    <subfield code="2">lcc</subfield>
    <subfield code="4">0</subfield>
    <subfield code="7">0</subfield>
    <subfield code="a">UCIH</subfield>
    <subfield code="b">UCIH</subfield>
    <subfield code="c">GENERAL</subfield>
    <subfield code="d">2018-06-05</subfield>
    <subfield code="f">1a.</subfield>
    <subfield code="k">EH</subfield>
    <subfield code="o">B3999 F57 1990</subfield>
    <subfield code="p">BCU000001716</subfield>
    <subfield code="r">2018-06-05 00:00:00</subfield>
    <subfield code="t">C:2</subfield>
    <subfield code="y">LIB</subfield>
  </datafield>
  <datafield tag="952" ind1=" " ind2=" ">
    <subfield code="1">0</subfield>
    <subfield code="2">lcc</subfield>
    <subfield code="4">0</subfield>
    <subfield code="7">0</subfield>
    <subfield code="a">UCIH</subfield>
    <subfield code="b">UCIH</subfield>
    <subfield code="c">GENERAL</subfield>
    <subfield code="d">2018-06-05</subfield>
    <subfield code="f">1a.</subfield>
    <subfield code="k">EH</subfield>
    <subfield code="o">B3999 F57 1990</subfield>
    <subfield code="p">BCU000001717</subfield>
    <subfield code="r">2018-06-05 00:00:00</subfield>
    <subfield code="t">C:1</subfield>
    <subfield code="y">LIB</subfield>
  </datafield>
</record>
